| 000 | 00490nam a2200181Ia 4500 | ||
|---|---|---|---|
| 001 | 3416 | ||
| 005 | 20260306145642.0 | ||
| 008 | 260306t2011||||xx |||||||||||||| ||spa|| | ||
| 041 | _aESP | ||
| 082 |
_a272.7 _bE31 |
||
| 100 |
_aEguiarte Bendímez, Enrique A. _eAUT |
||
| 245 | 0 |
_aLos salmos son mi gozo: _bla espiritualidad agustiniana en las enarrationes in psalmos |
|
| 260 | _c2011 | ||
| 300 |
_a352 páginas : _c21 cm. |
||
| 650 | _aGEN | ||
| 654 | _aCHU | ||
| 942 |
_cLIB _dJUS _fJUS _2ddc _n |
||
| 999 |
_c3416 _d3416 |
||